00617nam a22001337a 4500008004100000082002300041245021900064260003700283300001000320710002400330942001200354999001500366952010200381230612b xxu||||| |||| 00| 0 eng d a354.676200723bKEN aThe Report of The Controller and Auditor-General to Parliament on The Appropriation Accounts, other Public Accounts and the Accounts of the Funds of the Republic of Kenya for the Year 2006/2007cGovernment of Kenya aKenyabGovernment of Kenyac2007 a665 p bGovernment of Kenya 2ddccBK c1011d1011 00102ddc4070a001b001d2023-06-12l0o354.676200723 KENp10015326r2023-06-12w2023-06-12yBK